| 000 | 00758nam a2200277Ia 4500 | ||
|---|---|---|---|
| 003 | OSt | ||
| 005 | 20221007103622.0 | ||
| 006 | a|||||r|||| 00| 0 | ||
| 007 | ta | ||
| 008 | 221006b |||||||| |||| 00| 0 eng d | ||
| 020 | _a817534332X | ||
| 024 | _a13,604 | ||
| 037 | _cTextual | ||
| 040 |
_aLCO _cLCO _beng |
||
| 041 |
_2eng _aeng |
||
| 082 | _aZ2,75,5, P5 | ||
| 100 | _aSharma B.R. | ||
| 245 | 0 | _aForensic Science in Criminal Investigation and Trials | |
| 250 | _a4th | ||
| 260 |
_aDelhi _bUniversal Law Publishing Co. Pvt. Ltd. India _c2005 |
||
| 300 | _a1287 | ||
| 650 |
_a CRIMINAL INVESTIGATION _9705218 |
||
| 650 |
_aFORENSIC SICENCE _9705356 |
||
| 942 |
_hZ2,75,5, P5 _cTEXL |
||
| 999 |
_c1183167 _d1183167 |
||